'U'-Less European Countries Quiz Stats

Quiz Updated Aug 4, 2016

Challenge
Share
Tweet
Embed
Score 0/34 Timer 04:00
13 Plays Today
Answer % Correct
France
97.8%
Germany
97.1%
Spain
97%
Sweden
96%
Italy
95.6%
Norway
94.3%
Finland
93.8%
Ireland
93%
Denmark
92.6%
Greece
91.9%
Poland
90.2%
Switzerland
89.4%
Netherlands
88.5%
Latvia
86.6%
Iceland
85.9%
Estonia
85.2%
Slovakia
84.8%
Answer % Correct
Vatican City
83.7%
Andorra
82.1%
Albania
82%
Slovenia
81.9%
Romania
81.9%
Croatia
81.1%
Monaco
80.3%
Serbia
78.4%
Malta
77.7%
Liechtenstein
76.7%
San Marino
73.4%
Bosnia and Herzegovina
73.1%
Macedonia
73%
Kosovo
71.3%
Czechia
70.7%
Moldova
70.4%
Montenegro
70.3%

You're not logged in!

Compare scores with friends on all Sporcle quizzes.
Join for Free
OR
Log In

You Might Also Like...

Show Comments

Extras

Top Quizzes Today


Score Distribution

Your Account Isn't Verified!

In order to create a playlist on Sporcle, you need to verify the email address you used during registration. Go to your Sporcle Settings to finish the process.

Report this User

Report this user for behavior that violates our Community Guidelines.

Details: